Gaming Quiz

Random Gaming or Nintendo Quiz

Classic Arcade Games Slideshow Quiz Stats

 Plays Quiz Updated Feb 8, 2015

Challenge
Share
Tweet
Score 0/16 Timer 06:00
15 Plays Today
% Correct
Pac-Man
99.8%
Donkey Kong
94.6%
Popeye
82.6%
Frogger
78.9%
Space Invaders
78.6%
Asteroids
64%
Paperboy
60.5%
Dig Dug
58.3%
% Correct
Q*bert
56.4%
Centipede
53.9%
Pitfall!
40.1%
Arkanoid
38.3%
Missile Command
27.2%
Pole Position
26.8%
1942
24%
Gauntlet
20.5%

You're not logged in!

Compare scores with friends on all Sporcle quizzes.
Join for Free
OR
Log In

You Might Also Like...

Show Comments

Extras

Top Quizzes Today


Score Distribution

Your Account Isn't Verified!

In order to create a playlist on Sporcle, you need to verify the email address you used during registration. Go to your Sporcle Settings to finish the process.

Report this User

Report this user for behavior that violates our Community Guidelines.

Details: